00853 2200325 4500001002100000005001700021008004100038020001800079035002400097040001200121082001000133090001700143100001800160245007100178250001800249260003100267300002900298504003100327650002600358700001700384700001700401850001200418990001500430990001500445990001100460990001500471990001500486990001100501990001500512YOGYA-0209000001361820090227022336.0 ind  a979-526-072-3 0010-020900000013618 aYOPDYOG a155.2 a155.2bSuy P aSUYANTO, Agus aPsikologi kepribadiancoleh Agus Sujanto, Halem Lubis, Taufik Hadi aEd. 1, cet. 6 aJakartabBumi Aksarac1993 axi, 184 hlmbIlusc21 cm aBibliografi : hlm. 183-184 aPsikologi kepribadian aHadi, Taufik aLubis, Halem aYOPDYOG a97P0093210 a93210-P/97 a1122-P a93209-P/97 a93209-P/97 a1122-P a93210-P/97